000 01118cam a22001814a 4500
005 20250605164022.0
008 250528s ||||||||||||||||||||||||d
035 _a16370
040 _aGR-AtMCL
_bgre
_dGR-AtMCL
_eAACR2
245 1 _aΛογιστική Εμπορικών Εταιρειών / Εφαρμοσμένη
260 _bInterbooks,
_c1992
300 _a240
520 _aΠροσωπικών Εταιριών - Κεφαλαιουχικών Εταιρειών - Συνεταιρισμών. Γενικά, Η Λογιστική των Ομόρρυθμων Εμπορικών Εταιρειών, Λογιστική των Απλών Ετερρόρυθμων Εταιρειών, Λογιστική Συμμετοχικών Εταιρειών, Λογιστική των Ανώνυμων Εταιρειών, Λογιστική των Εταιρειών Περιορισμένης Ευθύνης, Λογιστική των Συνεταιρισμών, Ασκήσεις Εταιρειών.
700 1 _aΚαρδακάρης Κωνσταντίνος Ν
_92466
942 _cBK
999 _c1879
_d1879